Sports Quiz

Random Sports or Logo Quiz
Score 0/20 Timer 08:00
28 Plays Today
% Correct
AC Milan and Manchester United
96.9%
Barcelona and Real Madrid
92.1%
Chelsea and Paris Saint Germain
86.1%
AS Roma and Wolverhampton Wanderers
77.8%
Liverpool and Olympiacos
74.2%
Everton and Inter Milan
72.2%
Ajax and Atl├ętico Madrid
69.3%
Aston Villa and Tottenham Hotspur
67.9%
Arsenal and PSV Eindhoven
67%
Celtic and Rangers
66.7%
% Correct
Norwich City and West Ham United
65.6%
Crystal Palace and Stoke City
65.4%
Bayern Munich and Leicester City
62.1%
Hamburger SV and Swansea City
61.6%
Olympique de Marseille and Santos
57.2%
Bayer 04 Leverkusen and Borussia Dortmund
55.1%
Blackburn Rovers and Derby County
51.8%
Fulham and Juventus
46.9%
FC Basel and Shakhtar Donetsk
40.3%
Fiorentina and Watford
40%
Remove Ads.
Support Sporcle.
Get the best of Sporcle when you Go Orange. This ad-free experience offers more features, more stats, and more fun while also helping to support Sporcle. Thank you for becoming a member.

You're not logged in!

Compare scores with friends on all Sporcle quizzes.
OR
Log In

Sporcle TV

Today on Sporcle TV


Watch our educational content, quiz creation guides, and fun videos on Sporcle TV.

Show Comments

Extras

Top Quizzes Today


Score Distribution

Paid Content

Your Account Isn't Verified!

In order to create a playlist on Sporcle, you need to verify the email address you used during registration. Go to your Sporcle Settings to finish the process.

Report this User

Report this user for behavior that violates our Community Guidelines.

Details: